000 00721cam a22002531 4500
005 20260322212005.0
008 data
010 _a66049540
040 _aDLC
_cWa
_dDLC
043 _af-ke---
050 0 0 _aQL737.C2
_bA415 1966a
082 0 0 _a599.74428
100 1 _aAdamson, Joy.
245 1 4 _aThe story of Elsa.
_cJoy Adamson.
260 _aNew York,
_bPantheon Books
_c[1966]
300 _a318 p.
_billus., maps, ports.
_c25 cm.
500 _a"A Helen and Kurt Wolff book."--Dust jacket.
500 _aCondensed from the author's Born free, Living free, and Forever free.
650 0 _aElsa (Lion)
650 0 _aLions
_zKenya
_xBiography.
650 0 _aLions
_xBehavior.
650 0 _aAnimal intelligence.
001 data
999 _c76
_d76